| 000 | 01360cab a2200241 4500 | ||
|---|---|---|---|
| 001 | ABS57774 | ||
| 008 | 090401t1997 xxu||||| |||| 00| 0 eng d | ||
| 035 | _a(Sirsi) u81696 | ||
| 041 | _aeng | ||
| 245 | _aNational Trust for Places of Historic Interest or Natural Beauty v Knipe and another | ||
| 260 | _c1997 | ||
| 350 | _a0 | ||
| 490 |
_aEstates Gazette Law Reports _v[1997] 40 EG 151-157(7) |
||
| 520 | _aCA 15 May 1997. Plaintiff landlords let to the defendants an agricultural holding which included a dwelling house. The landlords served a notice to quit under the Agricultural Holdings Act 1986, after the tenants failed to comply with a notice to pay rent. The tenants contended that the notice was invalid because it failed to comply with Protection from Eviction Act 1977 s5. The CC held that where primarily agricultural premises are let containing a dwelling-house, the premises are let as a dwelling within the meaning of s5 of the 1977 Act. The landlords appealed. Appeal allowed as the premises were let as an agricultural holding and not as a dwelling. | ||
| 650 | _aAGRICULTURAL HOLDINGS ACT 1986 | ||
| 650 | _aAGRICULTURAL HOLDINGS | ||
| 650 | _aDWELLING HOUSE | ||
| 650 | _aEVICTION ACT 1977 | ||
| 650 | _aNOTICE TO QUIT | ||
| 690 | _aLANDLORD AND TENANT-CASE LAW-AGRICULTURAL TENANCIES | ||
| 942 | _n0 | ||
| 948 | _c28/10/1997 | ||
| 999 |
_c51500 _d51500 |
||